Statistiques concernant Culture Générale - Série 1221

Cliquez ici pour prendre le quiz!

Statistiques générales

  • Ce quiz a été pris 40 fois
  • Le résultat moyen est 6 sur 10

Statistiques - réponses

Question Réponse % Correct
Au football, dans quel club espagnol joue le prodige argentin Lionel Messi ? Le FC ...Barcelone
93%
Quel animal est le logo de la Fédération française de football ?coq
85%
A quel fleuve français se rapporte l'adjectif : "ligérien" ?Loire
78%
Quel criminel français, abattu en 1979 porte de Cligancourt à Paris, était surnommé : "l'Ennemi public n° 1" ?Jacques Mesrine
73%
A quel poète et écrivain doit-on le recueil intitulé "Les Contemplations" en 1856 ?Victor Hugo
70%
Sous quel nom connait-on mieux l'actrice Arielle Sonnery ?Arielle Dombasle
50%
Quel écrivain joue avec les mots et n'hésite pas à employer de l'argot, dans le roman "Zazie dans le métro", ?Raymond Queneau
50%
Dans quel album le jeune Indien quechua Zorrino conduit-il Tintin jusqu'au professeur Tournesol ?Le Temple du soleil
35%
Quel écrivain français est l'auteur du roman intitulé "Mademoiselle de Maupin" ?Théophile Gautier
13%
En 1979, quel film d'André Téchiné met en scène Isabelle Huppert et Isabelle Adjani ?Les soeurs Brontë
5%

Distribution des résultats

Percentile par nombre de réponses

% des personnes avec chaque résultat

Votre développement - résultats

Vous n’avez pas pris ce quiz